Loreto College Library, Kolkata
WEBOPAC (ONLINE PUBLIC ACCESS CATALOGUE)

Classical mythology in the plays,masques, and poems of Ben Jonson (Record no. 35940)

MARC details
000 -LEADER
fixed length control field 00598nam a2200217Ia 4500
005 - DATE AND TIME OF LATEST TRANSACTION
control field 20160718151426.0
008 - FIXED-LENGTH DATA ELEMENTS--GENERAL INFORMATION
fixed length control field 131103s9999 xx 000 0 und d
040 ## - CATALOGING SOURCE
Original cataloging agency Loreto College
041 ## - LANGUAGE CODE
Language code English
082 ## - DDC | ডিউই
Classification number | বর্গসংখ্যা 822.3
Book Number | গ্রন্থাঙ্ক JON-WHE
100 ## - MAIN ENTRY--PERSONAL NAME | মুখ্য সংলেখ - ব্যাক্তিনাম
Personal name | ব্যাক্তিনাম Wheeler, Charles Francis
245 ## - TITLE STATEMENT | অাখ্যা বিবরণী
Title | অাখ্যা Classical mythology in the plays,masques, and poems of Ben Jonson
Statement of responsibility | লেখকের দায়িত্বের বিবরণ Charles Francis Wheeler
260 ## - IMPRINT | প্রকাশনা ক্ষেত্র
Place of publication | প্রকাশ স্থান London
Name of publisher | প্রকাশকের নাম Kennikat
Date of publication | প্রকাশ কাল 1938
300 ## - PHYSICAL DESCRIPTION |
Page / Vol. No | পৃষ্ঠা / খন্ড সংখ্যা 212p.
504 ## - BIBLIOGRAPHY, ETC. NOTE
Bibliography, etc Includes index
630 ## - SUBJECT ADDED ENTRY--UNIFORM TITLE
Uniform title English drama
650 ## - SUBJECT ADDED ENTRY--TOPICAL TERM | বিষয় শিরোনাম - মূল বিষয়
Topical term | মূল বিষয় Jonson, Ben
651 ## - SUBJECT ADDED ENTRY--GEOGRAPHIC NAME | বিষয় শিরোনাম - ভৌগলিক নাম
Geographic name | ভৌগলিক বিষয় English literature
850 ## - HOLDING INSTITUTION
Holding institution LCLIB
942 ## - ADDED ENTRY ELEMENTS (KOHA)
Koha item type Books
Holdings
Withdrawn status Lost status Source of classification Damaged status Not for loan Home library Current library Shelving location Date acquired Total Checkouts Full call number Accession No. Date last seen Price effective from Koha item type
    Dewey Decimal Classification     Loreto College Loreto College Post Graduate 04/11/2013   822.3 JON-WHE 45670 B38800 04/11/2013 04/11/2013 Books